Estatísticas para Adivinhe o filme #2 (2022)

Clique aqui para jogar o quiz

Estatísticas Gerais

  • Esse quiz foi jogado 55 vezes
  • A pontuação média é 6 de 16

Estatísticas das Respostas

Resposta% Correto
batman
88%
top gun maverick
62%
gato de botas 2
56%
megan
56%
adão negro
54%
sorria
48%
tudo em todo lugar ao mesmo tempo
46%
doutor estranho no multiverso da loucura
38%
pearl
38%
enola holmes 2
30%
o menu
30%
x
26%
avatar 2 o caminho da agua
18%
pantera negra wakanda para sempre
18%
não não olhe
12%
glass onion
8%

Distribuição das Pontuações

Percentil de Números Respondidos

Porcentagem de Pessoas com Cada Pontuação

Sua Pontuação Histórica

Você não jogou esse quiz